000 00969cab a22001935a 4500
001 L145412
008 081006e20080918xxkdo f 000 0 eng d
035 _a(Sirsi) u145412
041 0 _aeng
110 2 _aConstruction News
_92644
245 0 0 _aSkanska in at number one as civils work grows
260 _c2008
490 _aConstruction News
_v(7086) 18 September 2008, 16-17(2)
520 _aReveals that Skanska is at the top of the monthly Emap Glenigan league table. Presents: a list of the 50 top contractors and the top 50 clients in August 2008; the 10 top civil contractors for the year to August 2008; a market forecast and analysis with the liste of 10 top public housing contractors for the year to August 2008. Details lists of contractors and clients by number of contracts and total value of contracts in millions of pounds.
590 _aKA
651 4 _aEngland and Wales
_y1543-
690 _aBUILT ENVIRONMENT-CONSTRUCTION MARKET
942 _n0
999 _c80798
_d80798